Statistics for Countries by Ethnic Makeup

Click here to take the quiz!

General Stats

  • This quiz has been taken 89 times
  • The average score is 21 of 25

Answer Stats

RegionEthnic PercentagesCountry% Correct
Eastern EuropeBosniak 48%, Serb 37.1%, Croat 14.3%,Bosnia and Herzegovina
96%
OceaniaCaucasian 92%, Asian 7%, aboriginal and other 1%Australia
95%
Northwestern EuropeDutch 83%, other 17% (9% of non-Western origin, mainly Turks, Moroccans, Antilleans, Surinamese, and Indonesians)Netherlands
95%
Western AsiaPersian 51%, Azerbaijani 24%, Gilaki and Mazandarani 8%, Kurd 7%, Arab 3%, Lur 2%, Baloch 2%, Turkmen 2%Iran
94%
AsiaBhote 50%, ethnic Nepalese 35%, indigenous or migrant tribes 15%Bhutan
93%
Central AsiaKazak (Qazaq) 53.4%, Russian 30%, Ukrainian 3.7%, Uzbek 2.5%, German 2.4%, Tatar 1.4%, Uygur 1.4%, other 4.9%Kazakhstan
93%
South AmericaWhite (mostly Spanish and Italian) 97%; mestizo, AmerindianArgentina
91%
AsiaKhmer 90%, Vietnamese 5%, Chinese 1%, other 4%Cambodia
91%
North AmericaBritish Isles origin 28%, French origin 23%, other European 15%, indigenous Indian and Inuit 2%, other, mostly Asian, African, Arab 6%, mixed background 26%Canada
91%
Southeast AsiaTagalog 28.1%, Cebuano 13.1%, Ilocano 9%, Bisaya/Binisaya 7.6%, Hiligaynon Ilonggo 7.5%, Bikol 6%, Waray 3.4%, other 25.3%Philippines
88%
Western EuropeFleming 58%, Walloon 31%, mixed or other 11%Belgium
87%
Western EuropeFrench 47%, Monegasque 16%, Italian 16%, other 21%Monaco
87%
EurasiaAzeri 90.6%, Dagestani 2.2%, Russian 1.8%, Armenian 1.5%, other 3.9% (1999). Note: almost all Armenians live in the separatist Nagorno-Karabakh regionAzerbaijan
85%
South AmericaQuechua 30%, mestizo 30%, Aymara 25%, white 15%Bolivia
85%
North AtlanticHomogeneous mixture of Norse/Celtic descendants 94%, population of foreign origin 6%Iceland
85%
East AfricaHutu 84%, Tutsi 15%, Twa (Pygmoid) 1%Rwanda
85%
Western AsiaArab 75%–80%, Kurdish 15%–20%, Turkoman, Assyrian, or other 5%Iraq
84%
Asia42% Pashtun 27% Tajik 9% Hazara 9% Uzbek 4% Aimaq 3% Turkmen 2% Baloch 4%Afghanistan
83%
South AmericaWhite 53.7%, mulatto (mixed white and black) 38.5%, black 6.2%, other (includes Japanese, Arab, Amerindian) 0.9%Brazil
82%
Southern AfricaSotho 99.7%, Europeans, Asians, and other 0.3%Lesotho
82%
South AmericaEast Indian 50%; black 36%; Amerindian 7%; white, Chinese, and mixed 7%Guyana
80%
East AfricaOromo 40%, Amhara and Tigrean 32%, Sidamo 9%, Shankella 6%, Somali 6%, Afar 4%, Gurage 2%,Ethiopia
79%
East AsiaRacially homogeneous; small Chinese community, a few ethnic JapaneseNorth Korea
70%
West AfricaWolof 43.3%, Fulani 23.8%, Serer 14.7%, Diola 3.7%, Mandingo 3%, Soninke 1.1%, European and Lebanese 1%, other 9.4%Senegal
65%
West AfricaMossi (over 40%), Gurunsi, Senufo, Lobi, Bobo, Mande, FulaniBurkina Faso
59%

Score Distribution

Percentile by Number Answered

Percent of People with Each Score

Your Score History

You have not taken this quiz